000
002340000a22000970004500
100
1
_a
Hirsch, Dean
245
1
0
_a
Taking the whole message to the whole world
300
_a
Núm 51 (1996), Páginas 4-6
773
0
_t
Together
942
_c
ANA
999
_c
57181
_d
57181